000 01203nem a2200337 4500
001 ebr10016532
003 CaPaEBR
006 m u
007 cr cn|||||||||
008 101210s1997 xx s a s 0 eng d
034 0 _aa
040 _aCaPaEBR
_cCaPaEBR
035 _a(OCoLC)704414822
050 1 4 _aHE557.S8
_bS76 1997eb
050 1 4 _aG6954.S7
_bS76 1997eb
052 _a6954
_bS7
245 0 0 _aStockholm
_h[electronic resource].
246 3 _iTitle from title screen:
_aStockholm port of call
255 _aScale varies.
260 _a[S.l.] :
_bMaps.com,
_cc1997.
300 _a1 online resource (1 map)
533 _aElectronic reproduction.
_bPalo Alto, Calif. :
_cebrary,
_d2011.
_nAvailable via World Wide Web.
_nAccess may be limited to ebrary affiliated libraries.
650 0 _aRoads
_zSweden
_zStockholm
_vMaps.
650 0 _aHarbors
_zSweden
_zStockholm
_vMaps.
651 0 _aStockholm (Sweden)
_vMaps.
651 0 _aStockholm (Sweden)
655 7 _aElectronic books.
_2local
710 2 _aMaps.com (Firm)
710 2 _aebrary, Inc.
856 4 0 _uhttp://site.ebrary.com/lib/rucke/Doc?id=10016532
_zAn electronic book accessible through the World Wide Web; click to view
999 _c11467
_d11467